Itinerario sentimental (Record no. 13345)

MARC details
000 -LEADER
campo de control de longitud fija 00884nam a2200265 i 4500
001 - NÚMERO DE CONTROL
campo de control 13345
003 - IDENTIFICADOR DE NÚMERO DE CONTROL
campo de control ES-MaACL
005 - FECHA Y HORA DE LA ÚLTIMA TRANSACCIÓN
campo de control 20231223062601.0
007 - CAMPO FIJO DE DESCRIPCIÓN FÍSICA--INFORMACIÓN GENERAL
campo de control de longitud fija t|
008 - DATOS DE LONGITUD FIJA--INFORMACIÓN GENERAL
campo de control de longitud fija 970905s1995 sp |||| |dspa j
020 ## - NÚMERO INTERNACIONAL ESTÁNDAR DEL LIBRO
Número Internacional Estándar del Libro 84-7681-225-6
080 ## - NÚMERO DE LA CLASIFICACIÓN DECIMAL UNIVERSAL
Número de la Clasificación Decimal Universal 821.134.2-94"19"
080 ## - NÚMERO DE LA CLASIFICACIÓN DECIMAL UNIVERSAL
Número de la Clasificación Decimal Universal 929.52 Baroja
100 1# - ENTRADA PRINCIPAL--NOMBRE DE PERSONA
Nombre de persona Caro Baroja, Pío,
Fechas asociadas al nombre 1928-2015
9 (RLIN) 35406
245 10 - MENCIÓN DEL TÍTULO
Título Itinerario sentimental
Resto del título : (guía de Itzea) /
Mención de responsabilidad, etc. Pío Caro Baroja ; con textos de Pío Baroja y Julio Caro Baroja.
260 ## - PUBLICACIÓN, DISTRIBUCIÓN, ETC.
Lugar de publicación, distribución, etc. [Pamplona] :
Nombre del editor, distribuidor, etc. Pamiela,
Fecha de publicación, distribución, etc. 1995.
300 ## - DESCRIPCIÓN FÍSICA
Extensión 239 p. :
Otras características físicas il. col. y n. ;
Dimensiones 22 cm.
490 1# - MENCIÓN DE SERIE
Mención de serie Pamiela ensayo y testimonio ;
Designación de volumen o secuencia 21
600 14 - PUNTO DE ACCESO ADICIONAL DE MATERIA--NOMBRE DE PERSONA
Nombre de persona Baroja (Familia)
9 (RLIN) 25760
700 1# - ENTRADA AGREGADA--NOMBRE PERSONAL
Nombre de persona Baroja, Pío,
Fechas asociadas al nombre 1872-1956
9 (RLIN) 25752
700 1# - ENTRADA AGREGADA--NOMBRE PERSONAL
Nombre de persona Caro Baroja, Julio,
Fechas asociadas al nombre 1914-1995
9 (RLIN) 35403
830 0# - PUNTO DE ACCESO ADICIONAL DE SERIE-TÍTULO UNIFORME
Título uniforme Pamiela ensayo y testimonio ;
Designación de volumen o secuencia 21
9 (RLIN) 226551
852 ## - LOCALIZACIÓN
Ubicación ES-MaACL
Número de control de estantería L-20721
Holdings
Estatus retirado Estado de pérdida Estado de daño No para préstamo Biblioteca de origen Biblioteca actual Ubicación en estantería Fecha de adquisición Fuente de adquisición Total de préstamos Signatura topográfica completa Código de barras Visto por última vez Precio de reemplazo Tipo de ítem Koha
        Biblioteca del Ateneo de Madrid Biblioteca del Ateneo de Madrid Depósito 2 17/01/2008     L-20721 1013588 23/02/2023 23/02/2023 Libro impreso